<The> Swedish journal of economics

Salvato in:
Dettagli Bibliografici
Natura: Periodico
Lingua:inglese
Pubblicazione: Stockholm University 1974
Tags: Aggiungi Tag
Nessun Tag, puoi essere il primo ad aggiungerne!!

MARC

LEADER 00000nas2a2200000$$$4500
001 0021224
005 20250730114413.3
041 0 |a eng 
044 |a SE 
245 1 0 |a <The> Swedish journal of economics 
264 1 |a Stockholm  |b University  |c 1974 
300 |a 1 zv. 
773 0 |w eu_un_cat*0021217